|
|
|
|
| LEADER |
00000nam0a2200000 4500 |
| 001 |
313480 |
| 005 |
20231102002603.0 |
| 010 |
|
|
|a 9785902278702
|
| 035 |
|
|
|a (RuTPU)RU\TPU\book\338864
|
| 035 |
|
|
|a RU\TPU\book\73739
|
| 090 |
|
|
|a 313480
|
| 100 |
|
|
|a 20160127d2015 m y0rusy50 ca
|
| 101 |
0 |
|
|a rus
|
| 102 |
|
|
|a RU
|
| 105 |
|
|
|a a j 000zy
|
| 200 |
1 |
|
|a Основы инженерной деятельности
|e курс лекций
|f Б. В. Литвинов
|
| 205 |
|
|
|a 3-е изд., испр. и доп.
|
| 210 |
|
|
|a Снежинск
|c Изд-во РФЯЦ- ВНИИЭФ
|d 2015
|
| 215 |
|
|
|a 278 с.
|c ил.
|
| 330 |
|
|
|a Курс лекций содержит системное изложение основ инженерной деятельности, составляющих этой деятельности и связи её с другими видами деятельности. Последовательно рассмотрены содержание математического аппарата современного инженера, его нормативная и творческая базы, основные требования к техническим устройствам, основы управления, взаимоотношения в малых инженерных группах. 2-е изд. (1-е изд. 2000 г. Екатеринбург, УГТУ-УПИ) исправлено и дополнено новыми материалами в связи с введением закона «О техническом регулировании». Курс лекций предназначен для студентов старших курсов технических и классических университетов, инженерных институтов, их профессорско-преподавательского состава и для всех интересующихся современной организацией инженерного труда.
|
| 606 |
1 |
|
|a Инженерное дело
|2 stltpush
|3 (RuTPU)RU\TPU\subj\12589
|9 39351
|
| 610 |
1 |
|
|a инженерная деятельность
|
| 610 |
1 |
|
|a ЭВМ
|
| 610 |
1 |
|
|a инженеры
|
| 610 |
1 |
|
|a математический аппарат
|
| 610 |
1 |
|
|a нормативная база
|
| 610 |
1 |
|
|a творческая база
|
| 610 |
1 |
|
|a технические устройства
|
| 610 |
1 |
|
|a надежность
|
| 610 |
1 |
|
|a безопасность
|
| 610 |
1 |
|
|a управление
|
| 610 |
1 |
|
|a принятие решений
|
| 610 |
1 |
|
|a планирование
|
| 610 |
1 |
|
|a прогнозирование
|
| 610 |
1 |
|
|a инженерные группы
|
| 610 |
1 |
|
|a отношения
|
| 610 |
1 |
|
|a соционика
|
| 610 |
1 |
|
|a межличностные отношения
|
| 610 |
1 |
|
|a лекции
|
| 610 |
1 |
|
|a учебные пособия
|
| 675 |
|
|
|a 62(075.8)
|v 4
|
| 700 |
|
1 |
|a Литвинов
|b Б. В.
|g Борис Васильевич
|
| 801 |
|
1 |
|a RU
|b 63413507
|c 20041021
|g PSBO
|
| 801 |
|
2 |
|a RU
|b 63413507
|c 20160203
|g PSBO
|
| 900 |
|
|
|a Технологии решения инженерных задач
|
| 942 |
|
|
|c BK
|
| 959 |
|
|
|a 137/20041020
|d 2
|e 0
|f АНЛ:1
|f НФ:1
|
| 959 |
|
|
|a 102/20051202
|d 1
|e 353,7
|f НФ:1
|